| 000 | 003020000a22000970004500 | ||
|---|---|---|---|
| 100 | 1 | _aSotomayor, Marina | |
| 245 | 1 | 0 | _aMission to chalco : Two single women partner to plant a church |
| 300 | _aVol. 78, Num 4 (Octubre-Diciembre, 1998), Páginas 10-11 | ||
| 773 | 0 | _tLatin America Evangelist | |
| 942 | _cANA | ||
| 999 |
_c55151 _d55151 |
||